| 000 | 01643cam a22002775a 4500 | ||
|---|---|---|---|
| 001 | L158713 | ||
| 008 | 081030s2014 xxk f v 000 0 eng d | ||
| 020 | _a9781783210831 | ||
| 035 | _a(Sirsi) u158713 | ||
| 041 | 0 | _aeng | |
| 050 | 0 | 4 | _218 |
| 110 | 2 |
_aRoyal Institution of Chartered Surveyors _94900 |
|
| 245 | 0 | 0 |
_aGuidelines on NRM 2 _bdetailed measurement for building work _h[electronic resource] |
| 260 |
_aLondon _bRICS _c2014 |
||
| 300 | _a18 p. | ||
| 490 | 0 | _aRICS Information Paper | |
| 520 | _aThese guidelines accompany the New Rules of Measurement (NRM) and are intended to be read in conjunction with Parts 2 and 3 of NRM 2: Detailed measurement for building works. The guidelines have four main purposes. To assist the quantity surveyor (QS) in understanding and implementing the rules of measurement in NRM 2. To encourage good practice in the measurement of building works. To give guidance on the communication of information relative to quantities of finished work where their value is modified by position, complexity, simplicity, repetition, eccentric distribution or other cost significant factors. To give a brief explanation of a number of novel features introduced into NRM 2; why they have been included and how they came about. | ||
| 521 | _aAdvanced | ||
| 590 | _aKA | ||
| 650 | 2 | 4 |
_aCost management _96233 |
| 651 | 4 |
_aUnited Kingdom _y |
|
| 690 |
_aConstruction management _96230 |
||
| 700 | 1 | _aDavidson, John | |
| 856 | 4 | 1 |
_uhttps://www.rics.org/Global/NRM_2_guidelines_1st_edition_PGguidance_2014.pdf _zView the guidance free of charge (members-only content) at www.rics.org/guidance... |
| 942 | _n0 | ||
| 999 |
_c115469 _d115469 |
||